[Event "DEM U10 2023"]
[Site "Willingen GER"]
[Date "2023.06.03"]
[Round "11"]
[White "Heins, Simon"]
[Black "Fadeev, Justin Michael"]
[Result "0-1"]
[Termination "normal"]
[Board "4"]
[WhiteElo "1592"]
[BlackElo "1470"]
[WhiteClock "01:18:36"]
[BlackClock "01:01:04"]
[PlyCount "170"]
[WhiteFideId "34660194"]
[BlackFideId "34602968"]
[EventCountry "GER"]
[EventRounds "11"]
[EventType "swiss"]
[EventDate "2023.05.27"]

1. e4 {[%clk 01:15:59]} c5 {[%clk 01:15:57]} {[%emt 00:00:05]} 2. Nf3 {[%clk
01:16:23]} {[%emt 00:00:04]} Nc6 {[%clk 01:16:23]} {[%emt 00:00:04]} 3. d4
{[%clk 01:16:49]} {[%emt 00:00:05]} cxd4 {[%emt 00:00:03]} 4. Nxd4 {[%clk
01:17:12]} {[%emt 00:00:06]} g6 {[%clk 01:17:18]} {[%emt 00:00:03]} 5. Nc3
{[%clk 01:17:34]} {[%emt 00:00:08]} Bg7 {[%clk 01:17:43]} {[%emt 00:00:04]} 6.
Be3 {[%clk 01:17:58]} {[%emt 00:00:06]} Nf6 {[%clk 01:18:11]} {[%emt 00:00:03]}
7. Bc4 {[%clk 01:18:22]} {[%emt 00:00:07]} Qa5 {[%clk 01:18:30]} {[%emt
00:00:10]} 8. O-O {[%clk 01:18:45]} {[%emt 00:00:07]} O-O {[%clk 01:18:50]}
{[%emt 00:00:10]} 9. Bb3 {[%clk 01:19:09]} {[%emt 00:00:05]} d6 {[%clk
01:19:05]} {[%emt 00:00:16]} 10. h3 {[%clk 01:19:34]} {[%emt 00:00:04]} Bd7
{[%clk 01:19:18]} {[%emt 00:00:18]} 11. Qd2 {[%clk 01:19:51]} {[%emt 00:00:12]}
Nxd4 {[%clk 01:17:53]} {[%emt 00:01:56]} 12. Bxd4 {[%clk 01:20:07]} {[%emt
00:00:13]} Nxe4 {[%clk 01:17:54]} {[%emt 00:00:29]} 13. Nxe4 {[%clk 01:19:57]}
{[%emt 00:00:40]} Qxd2 {[%clk 01:18:20]} {[%emt 00:00:05]} 14. Nxd2 {[%clk
01:20:19]} {[%emt 00:00:08]} Bxd4 {[%clk 01:18:45]} {[%emt 00:00:05]} 15. c3
{[%clk 01:20:13]} {[%emt 00:00:36]} Bg7 {[%clk 01:18:08]} {[%emt 00:01:07]} 16.
Rfe1 {[%clk 01:20:29]} {[%emt 00:00:13]} e6 {[%clk 01:08:43]} {[%emt 00:09:55]}
17. Rad1 {[%clk 01:20:01]} {[%emt 00:00:58]} d5 {[%clk 01:06:17]} {[%emt
00:02:57]} 18. c4 {[%clk 01:19:30]} {[%emt 00:01:00]} dxc4 {[%clk 01:04:17]}
{[%emt 00:02:31]} 19. Nxc4 {[%clk 01:18:35]} {[%emt 00:01:24]} Bc6 {[%clk
00:59:58]} {[%emt 00:04:50]} 20. Ne5 {[%clk 01:18:07]} {[%emt 00:00:58]} Bxe5
{[%clk 01:00:01]} {[%emt 00:00:26]} 21. Rxe5 {[%clk 01:18:34]} {[%emt
00:00:03]} Rfd8 {[%clk 01:00:09]} {[%emt 00:00:22]} 22. Rde1 {[%clk 01:17:50]}
{[%emt 00:00:55]} Rd2 {[%clk 01:00:13]} {[%emt 00:00:46]} 23. R1e2 {[%clk
01:17:52]} {[%emt 00:00:25]} Rad8 {[%clk 00:59:23]} {[%emt 00:01:22]} 24. Kf1
{[%clk 01:17:55]} {[%emt 00:00:27]} Rxe2 {[%clk 00:59:32]} {[%emt 00:00:22]}
25. Kxe2 {[%clk 01:18:14]} {[%emt 00:00:09]} Bxg2 {[%clk 00:59:37]} {[%emt
00:00:26]} 26. h4 {[%clk 01:17:57]} {[%emt 00:00:45]} Bc6 {[%clk 00:59:28]}
{[%emt 00:00:41]} 27. Ke3 {[%clk 01:18:01]} {[%emt 00:00:26]} Kg7 {[%clk
00:59:37]} {[%emt 00:00:21]} 28. f4 {[%clk 01:17:23]} {[%emt 00:01:07]} Kf6
{[%clk 00:57:28]} {[%emt 00:02:40]} 29. h5 {[%clk 01:16:37]} {[%emt 00:01:16]}
Bd5 {[%clk 00:57:26]} {[%emt 00:00:33]} 30. Bc2 {[%clk 01:15:45]} {[%emt
00:01:22]} Kg7 {[%clk 00:56:21]} {[%emt 00:01:33]} 31. Rg5 {[%clk 01:14:54]}
{[%emt 00:01:22]} Rc8 {[%clk 00:56:18]} {[%emt 00:00:33]} 32. Bd3 {[%clk
01:14:07]} {[%emt 00:01:18]} Bxa2 {[%clk 00:55:53]} {[%emt 00:00:54]} 33. hxg6
{[%clk 01:14:19]} {[%emt 00:00:18]} hxg6 {[%clk 00:56:17]} {[%emt 00:00:06]}
34. Ra5 {[%clk 01:14:44]} {[%emt 00:00:06]} Bc4 {[%clk 00:56:32]} {[%emt
00:00:14]} 35. Rxa7 {[%clk 01:15:00]} {[%emt 00:00:14]} Bxd3 {[%clk 00:56:52]}
{[%emt 00:00:11]} 36. Kxd3 {[%clk 01:15:24]} {[%emt 00:00:05]} Rc7 {[%clk
00:57:18]} {[%emt 00:00:04]} 37. b4 {[%clk 01:15:21]} {[%emt 00:00:34]} Kf6
{[%clk 00:57:22]} {[%emt 00:00:25]} 38. b5 {[%clk 01:15:03]} {[%emt 00:00:48]}
g5 {[%clk 00:56:12]} {[%emt 00:01:40]} 39. b6 {[%clk 01:15:17]} {[%emt
00:00:17]} Rd7+ {[%clk 00:56:38]} {[%emt 00:00:05]} 40. Ke4 {[%clk 01:15:39]}
{[%emt 00:00:06]} gxf4 {[%clk 00:56:39]} {[%emt 00:00:30]} 41. Kxf4 {[%clk
01:15:57]} {[%emt 00:00:11]} e5+ {[%clk 00:56:59]} {[%emt 00:00:11]} 42. Ke4
{[%clk 01:15:46]} {[%emt 00:00:41]} Ke6 {[%clk 00:57:22]} {[%emt 00:00:06]} 43.
Ra8 {[%clk 01:15:15]} {[%emt 00:01:02]} f6 {[%clk 00:57:36]} {[%emt 00:00:16]}
44. Re8+ {[%clk 01:15:15]} {[%emt 00:00:29]} Kf7 {[%clk 00:57:49]} {[%emt
00:00:15]} 45. Rc8 {[%clk 01:15:24]} {[%emt 00:00:23]} Rd4+ {[%clk 00:58:01]}
{[%emt 00:00:18]} 46. Ke3 {[%clk 01:15:48]} {[%emt 00:00:07]} Ke7 {[%clk
00:58:01]} {[%emt 00:00:29]} 47. Rc7+ {[%clk 01:16:07]} {[%emt 00:00:12]} Rd7
{[%clk 00:58:26]} {[%emt 00:00:05]} 48. Rc8 {[%clk 01:16:15]} {[%emt 00:00:22]}
Ke6 {[%clk 00:56:43]} {[%emt 00:02:10]} 49. Re8+ {[%clk 01:15:45]} {[%emt
00:01:02]} Kf5 {[%clk 00:57:03]} {[%emt 00:00:09]} 50. Rb8 {[%clk 01:15:11]}
{[%emt 00:01:06]} e4 {[%clk 00:57:10]} {[%emt 00:00:22]} 51. Rh8 {[%emt
00:01:15]} Rd3+ {[%clk 00:57:26]} {[%emt 00:00:12]} 52. Ke2 {[%clk 01:14:45]}
{[%emt 00:00:14]} Rd6 {[%clk 00:56:53]} {[%emt 00:01:03]} 53. Ke3 {[%clk
01:14:17]} {[%emt 00:00:57]} Ke5 {[%clk 00:56:30]} {[%emt 00:00:54]} 54. Re8+
{[%clk 01:14:22]} {[%emt 00:00:24]} Re6 {[%clk 00:56:55]} {[%emt 00:00:05]} 55.
Ra8 {[%clk 01:13:59]} {[%emt 00:00:53]} Rd6 {[%clk 00:54:09]} {[%emt 00:03:14]}
56. Re8+ {[%clk 01:13:35]} {[%emt 00:00:56]} Kf5 {[%clk 00:53:55]} {[%emt
00:00:44]} 57. Ra8 {[%clk 01:12:58]} {[%emt 00:01:08]} Rd3+ {[%clk 00:54:12]}
{[%emt 00:00:14]} 58. Ke2 {[%clk 01:13:11]} {[%emt 00:00:16]} Rb3 {[%clk
00:54:34]} {[%emt 00:00:08]} 59. Ra5+ {[%clk 01:12:49]} {[%emt 00:00:52]} Kf4
{[%clk 00:54:43]} {[%emt 00:00:20]} 60. Ra1 {[%clk 01:12:48]} {[%emt 00:01:24]}
Rb2+ {[%clk 00:55:03]} {[%emt 00:00:10]} 61. Ke1 {[%clk 01:13:01]} {[%emt
00:00:16]} Rxb6 {[%clk 00:54:39]} {[%emt 00:00:56]} 62. Ra3 {[%clk 01:13:17]}
{[%emt 00:00:14]} Rb2 {[%clk 00:55:03]} {[%emt 00:00:06]} 63. Rh3 {[%clk
01:13:33]} {[%emt 00:00:12]} e3 {[%clk 00:54:20]} {[%emt 00:01:13]} 64. Rh4+
{[%clk 01:13:50]} {[%emt 00:00:14]} Ke5 {[%clk 00:54:34]} {[%emt 00:00:16]} 65.
Ra4 {[%clk 01:13:55]} {[%emt 00:00:26]} f5 {[%clk 00:54:56]} {[%emt 00:00:08]}
66. Rh4 {[%clk 01:14:13]} {[%emt 00:00:12]} f4 {[%clk 00:55:21]} {[%emt
00:00:05]} 67. Rh8 {[%clk 01:14:31]} {[%emt 00:00:10]} Ke4 {[%clk 00:55:46]}
{[%emt 00:00:06]} 68. Kf1 {[%clk 01:14:34]} {[%emt 00:00:27]} e2+ {[%clk
00:56:04]} {[%emt 00:00:13]} 69. Ke1 {[%clk 01:14:50]} {[%emt 00:00:13]} Kf3
{[%clk 00:56:14]} {[%emt 00:00:20]} 70. Rh3+ {[%clk 01:14:50]} {[%emt
00:00:30]} Kg4 {[%clk 00:56:37]} {[%emt 00:00:06]} 71. Rg3+ {[%clk 01:15:11]}
{[%emt 00:00:11]} Kf5 {[%clk 00:56:56]} {[%emt 00:00:10]} 72. Rf3 {[%clk
01:15:29]} {[%emt 00:00:12]} Ke4 {[%clk 00:57:05]} {[%emt 00:00:20]} 73. Re3+
{[%clk 01:15:50]} {[%emt 00:00:10]} Kd4 {[%clk 00:57:21]} {[%emt 00:00:13]} 74.
Rf3 {[%clk 01:16:03]} {[%emt 00:00:18]} Ke5 {[%clk 00:57:15]} {[%emt 00:00:36]}
75. Re3+ {[%clk 01:16:27]} {[%emt 00:00:06]} Kf5 {[%clk 00:57:37]} {[%emt
00:00:08]} 76. Rf3 {[%clk 01:16:45]} {[%emt 00:00:12]} b5 {[%clk 00:58:03]}
{[%emt 00:00:04]} 77. Rc3 {[%clk 01:16:24]} {[%emt 00:00:52]} b4 {[%clk
00:58:27]} {[%emt 00:00:06]} 78. Rc5+ {[%clk 01:16:25]} {[%emt 00:00:29]} Kg4
{[%clk 00:58:47]} {[%emt 00:00:10]} 79. Rc8 {[%clk 01:16:31]} {[%emt 00:00:24]}
f3 {[%clk 00:59:07]} {[%emt 00:00:09]} 80. Rg8+ {[%clk 01:16:52]} {[%emt
00:00:09]} Kh5 {[%clk 00:59:30]} {[%emt 00:00:08]} 81. Rf8 {[%clk 01:17:05]}
{[%emt 00:00:17]} Rb1+ {[%clk 00:59:54]} {[%emt 00:00:06]} 82. Kf2 {[%clk
01:17:24]} {[%emt 00:00:10]} e1=Q+ {[%clk 01:00:19]} {[%emt 00:00:06]} 83. Kxf3
{[%clk 01:17:44]} {[%emt 00:00:09]} Qf1+ {[%clk 01:00:41]} {[%emt 00:00:08]}
84. Ke3 {[%clk 01:18:11]} {[%emt 00:00:04]} Re1+ {[%clk 01:01:04]} {[%emt
00:00:07]} 85. Kd2 {[%clk 01:18:36]} {[%emt 00:00:05]} Qe2# {[%emt 00:00:05]}
0-1

[Event "DEM U10 2023"]
[Site "Willingen GER"]
[Date "2023.06.03"]
[Round "11"]
[White "Andersen, Jonathan"]
[Black "Chua, Daniel James"]
[Result "1/2-1/2"]
[Termination "normal"]
[Board "5"]
[WhiteElo "1494"]
[BlackElo "1433"]
[WhiteClock "01:07:34"]
[BlackClock "00:58:29"]
[PlyCount "89"]
[WhiteFideId "34623884"]
[BlackFideId "34608354"]
[EventCountry "GER"]
[EventRounds "11"]
[EventType "swiss"]
[EventDate "2023.05.27"]

1. e4 {[%clk 01:16:00]} {[%emt 01:07:05]} e5 {[%clk 01:15:54]} {[%emt
00:00:07]} 2. Nf3 {[%clk 01:16:26]} {[%emt 00:00:03]} Nc6 {[%clk 01:16:21]}
{[%emt 00:00:03]} 3. d4 {[%clk 01:16:53]} {[%emt 00:00:04]} exd4 {[%clk
01:16:41]} {[%emt 00:00:09]} 4. Nxd4 {[%clk 01:17:18]} {[%emt 00:00:05]} Bc5
{[%clk 01:17:06]} {[%emt 00:00:05]} 5. Be3 {[%clk 01:17:42]} {[%emt 00:00:05]}
Qf6 {[%clk 01:17:27]} {[%emt 00:00:10]} 6. c3 {[%clk 01:18:07]} {[%emt
00:00:05]} Nge7 {[%clk 01:17:54]} {[%emt 00:00:03]} 7. Qd2 {[%clk 01:18:30]}
{[%emt 00:00:07]} d5 {[%clk 01:17:24]} {[%emt 00:01:00]} 8. Nb5 {[%clk
01:18:37]} {[%emt 00:00:22]} Bxe3 {[%clk 01:17:29]} {[%emt 00:00:26]} 9. Qxe3
{[%clk 01:18:54]} {[%emt 00:00:12]} Kd8 {[%clk 01:16:35]} {[%emt 00:01:25]} 10.
Nd2 {[%clk 01:17:27]} {[%emt 00:01:57]} a6 {[%clk 01:16:06]} {[%emt 00:00:59]}
11. Nd4 {[%clk 01:17:34]} {[%emt 00:00:23]} Nxd4 {[%clk 01:16:11]} {[%emt
00:00:25]} 12. Qxd4 {[%clk 01:17:42]} {[%emt 00:00:21]} Qxd4 {[%clk 01:16:34]}
{[%emt 00:00:07]} 13. cxd4 {[%clk 01:18:08]} {[%emt 00:00:04]} dxe4 {[%clk
01:16:59]} {[%emt 00:00:06]} 14. Nxe4 {[%clk 01:18:29]} {[%emt 00:00:08]} f6
{[%clk 01:16:54]} {[%emt 00:00:36]} 15. Bc4 {[%clk 01:18:37]} {[%emt 00:00:21]}
Bf5 {[%clk 01:16:44]} {[%emt 00:00:40]} 16. f3 {[%clk 01:18:49]} {[%emt
00:00:19]} Re8 {[%clk 01:14:52]} {[%emt 00:02:22]} 17. O-O-O {[%clk 01:17:57]}
{[%emt 00:01:22]} Ng6 {[%clk 01:04:53]} {[%emt 00:10:29]} 18. Ng3 {[%clk
01:16:20]} {[%emt 00:02:07]} Bd7 {[%clk 01:00:07]} {[%emt 00:05:15]} 19. Bf7
{[%clk 01:16:24]} {[%emt 00:00:26]} Re7 {[%clk 01:00:14]} {[%emt 00:00:23]} 20.
Bxg6 {[%clk 01:16:50]} {[%emt 00:00:05]} hxg6 {[%clk 01:00:43]} {[%emt
00:00:01]} 21. Rhe1 {[%clk 01:17:04]} {[%emt 00:00:15]} Bc6 {[%clk 01:00:16]}
{[%emt 00:00:58]} 22. Kd2 {[%clk 01:15:25]} {[%emt 00:02:09]} Kd7 {[%clk
00:58:52]} {[%emt 00:01:54]} 23. Rxe7+ {[%clk 01:15:50]} {[%emt 00:00:06]} Kxe7
{[%clk 00:59:21]} 24. Re1+ {[%clk 01:16:11]} {[%emt 00:00:08]} Kf7 {[%clk
00:59:37]} {[%emt 00:00:14]} 25. Kc3 {[%clk 01:15:44]} {[%emt 00:00:57]} Re8
{[%clk 00:58:47]} {[%emt 00:01:19]} 26. Rxe8 {[%clk 01:16:05]} {[%emt
00:00:10]} Kxe8 {[%clk 00:59:03]} {[%emt 00:00:14]} 27. Kc4 {[%clk 01:16:05]}
{[%emt 00:00:30]} Ke7 {[%clk 00:59:09]} {[%emt 00:00:24]} 28. d5 {[%clk
01:15:55]} {[%emt 00:00:39]} Bb5+ {[%clk 00:59:19]} {[%emt 00:00:21]} 29. Kd4
{[%clk 01:16:07]} {[%emt 00:00:17]} c6 {[%clk 00:58:43]} {[%emt 00:01:07]} 30.
dxc6 {[%clk 01:16:31]} {[%emt 00:00:06]} Bxc6 {[%clk 00:59:09]} {[%emt
00:00:04]} 31. Ne4 {[%clk 01:16:26]} {[%emt 00:00:35]} Bxe4 {[%clk 00:57:15]}
{[%emt 00:02:23]} 32. Kxe4 {[%clk 01:16:21]} {[%emt 00:00:35]} Ke6 {[%clk
00:57:31]} {[%emt 00:00:15]} 33. b4 {[%clk 01:16:33]} {[%emt 00:00:18]} b5
{[%clk 00:57:32]} {[%emt 00:00:29]} 34. Kd4 {[%clk 01:16:13]} {[%emt 00:00:50]}
Kd6 {[%clk 00:58:01]} {[%emt 00:00:02]} 35. h4 {[%clk 01:16:26]} {[%emt
00:00:15]} Kc6 {[%clk 00:58:09]} {[%emt 00:00:23]} 36. g4 {[%clk 01:16:37]}
{[%emt 00:00:19]} Kd6 {[%clk 00:58:35]} {[%emt 00:00:04]} 37. a3 {[%clk
01:16:25]} {[%emt 00:00:43]} Kc6 {[%clk 00:58:59]} {[%emt 00:00:05]} 38. f4
{[%clk 01:15:40]} {[%emt 00:01:14]} Kd6 {[%clk 00:59:26]} {[%emt 00:00:04]} 39.
f5 {[%clk 01:12:27]} {[%emt 00:03:43]} gxf5 {[%clk 00:56:28]} {[%emt 00:03:28]}
40. gxf5 {[%clk 01:12:17]} {[%emt 00:00:05]} Kc6 {[%clk 00:56:56]} {[%emt
00:00:37]} 41. Ke4 {[%clk 01:12:08]} {[%emt 00:00:39]} Kd6 {[%clk 00:57:25]}
{[%emt 00:00:01]} 42. Kd4 {[%clk 01:06:49]} {[%emt 00:05:48]} Kc6 {[%clk
00:57:37]} {[%emt 00:00:19]} 43. h5 {[%clk 01:07:13]} {[%emt 00:00:06]} Kd6
{[%clk 00:58:02]} {[%emt 00:00:05]} 44. Ke4 {[%clk 01:07:35]} {[%emt 00:00:06]}
Kc6 {[%clk 00:58:29]} {[%emt 00:00:04]} 45. Kd4 {[%clk 01:07:34]} {[%emt
00:00:32]} 1/2-1/2

[Event "DEM U10 2023"]
[Site "Willingen GER"]
[Date "2023.06.03"]
[Round "11"]
[White "Steinbrenner, Peter"]
[Black "Hagn, Tobias"]
[Result "1/2-1/2"]
[Termination "normal"]
[Board "6"]
[WhiteElo "1601"]
[BlackElo "1609"]
[WhiteClock "00:00:42"]
[BlackClock "00:01:38"]
[PlyCount "87"]
[WhiteFideId "34645535"]
[BlackFideId "34623728"]
[EventCountry "GER"]
[EventRounds "11"]
[EventType "swiss"]
[EventDate "2023.05.27"]

1. e4 {[%clk 01:15:56]} {[%emt 00:00:02]} e5 {[%clk 01:15:45]} {[%emt
00:00:15]} 2. Nf3 {[%clk 01:16:23]} {[%emt 00:00:04]} Nc6 {[%clk 01:15:56]}
{[%emt 00:00:19]} 3. Bb5 {[%clk 01:16:49]} {[%emt 00:00:05]} a6 {[%clk
01:15:47]} {[%emt 00:00:38]} 4. Ba4 {[%clk 01:17:15]} {[%emt 00:00:05]} Bc5
{[%clk 01:15:31]} {[%emt 00:00:45]} 5. O-O {[%clk 01:17:13]} {[%emt 00:00:32]}
d6 {[%clk 01:14:45]} {[%emt 00:01:15]} 6. c3 {[%clk 01:17:10]} {[%emt
00:00:34]} b5 {[%clk 01:12:51]} {[%emt 00:02:24]} 7. Bc2 {[%clk 01:17:13]}
{[%emt 00:00:26]} Bg4 {[%clk 01:10:03]} {[%emt 00:03:17]} 8. Re1 {[%clk
01:16:47]} {[%emt 00:00:55]} Nf6 {[%clk 01:01:01]} {[%emt 00:09:35]} 9. h3
{[%emt 00:00:18]} Bh5 {[%clk 00:54:13]} {[%emt 00:07:16]} 10. d3 {[%clk
01:17:02]} {[%emt 00:00:29]} h6 {[%clk 00:48:58]} {[%emt 00:05:44]} 11. Nbd2
{[%clk 01:06:14]} {[%emt 00:11:18]} Qd7 {[%clk 00:33:52]} {[%emt 00:15:37]} 12.
Nf1 {[%clk 01:04:39]} {[%emt 00:02:04]} O-O {[%clk 00:23:25]} {[%emt 00:10:57]}
13. Ng3 {[%clk 01:04:51]} {[%emt 00:00:18]} Rae8 {[%clk 00:23:14]} {[%emt
00:00:41]} 14. Nxh5 {[%clk 01:01:43]} {[%emt 00:03:38]} Nxh5 {[%clk 00:23:14]}
{[%emt 00:00:31]} 15. Nh4 {[%clk 01:01:18]} {[%emt 00:00:49]} Nf6 {[%clk
00:17:25]} {[%emt 00:06:24]} 16. Nf5 {[%clk 01:01:24]} {[%emt 00:00:22]} Ne7
{[%clk 00:16:46]} {[%emt 00:01:11]} 17. Ng3 {[%clk 00:59:29]} {[%emt 00:02:24]}
Nh7 {[%clk 00:13:59]} {[%emt 00:03:19]} 18. d4 {[%clk 00:58:52]} {[%emt
00:01:07]} exd4 {[%clk 00:13:36]} {[%emt 00:00:53]} 19. cxd4 {[%clk 00:59:12]}
{[%emt 00:00:10]} Bb6 {[%clk 00:13:16]} {[%emt 00:00:50]} 20. Be3 {[%emt
00:00:32]} d5 {[%clk 00:10:24]} {[%emt 00:03:19]} 21. e5 {[%clk 00:54:14]}
{[%emt 00:05:29]} f6 {[%clk 00:09:47]} {[%emt 00:01:07]} 22. Qd3 {[%clk
00:54:11]} {[%emt 00:00:23]} f5 {[%clk 00:08:53]} {[%emt 00:01:35]} 23. f4
{[%clk 00:52:41]} {[%emt 00:01:58]} g6 {[%clk 00:07:30]} {[%emt 00:01:53]} 24.
Rf1 {[%clk 00:48:58]} {[%emt 00:04:10]} Rf7 {[%clk 00:06:14]} {[%emt 00:01:49]}
25. Ne2 {[%clk 00:47:05]} {[%emt 00:02:24]} Nf8 {[%clk 00:04:38]} {[%emt
00:02:06]} 26. Rf3 {[%clk 00:46:54]} {[%emt 00:00:40]} Ne6 {[%clk 00:04:15]}
{[%emt 00:00:54]} 27. Rg3 {[%clk 00:46:43]} {[%emt 00:00:40]} Rg7 {[%clk
00:04:07]} {[%emt 00:00:38]} 28. b4 {[%clk 00:40:11]} {[%emt 00:07:03]} c6
{[%clk 00:03:40]} {[%emt 00:00:58]} 29. Qd2 {[%clk 00:36:34]} {[%emt 00:04:05]}
Kh7 {[%clk 00:02:32]} {[%emt 00:01:39]} 30. h4 {[%clk 00:35:59]} {[%emt
00:01:03]} h5 {[%clk 00:02:23]} {[%emt 00:00:41]} 31. Kh2 {[%clk 00:34:12]}
{[%emt 00:02:15]} Ng8 {[%clk 00:02:04]} {[%emt 00:00:51]} 32. Rh1 {[%clk
00:10:17]} {[%emt 00:24:23]} Nh6 {[%clk 00:02:07]} {[%emt 00:00:29]} 33. Kg1
{[%clk 00:10:04]} {[%emt 00:00:42]} Nf8 {[%clk 00:02:06]} {[%emt 00:00:31]} 34.
Kf1 {[%clk 00:06:46]} {[%emt 00:03:48]} Qe6 {[%clk 00:01:53]} {[%emt 00:00:44]}
35. Ng1 {[%clk 00:05:28]} {[%emt 00:01:44]} Rge7 {[%clk 00:01:48]} {[%emt
00:00:39]} 36. Nf3 {[%clk 00:04:57]} {[%emt 00:01:00]} Nf7 {[%clk 00:02:06]}
{[%emt 00:00:13]} 37. Rhh3 {[%clk 00:04:18]} {[%emt 00:01:05]} Nd7 {[%clk
00:01:47]} {[%emt 00:00:53]} 38. Ng5+ {[%clk 00:04:22]} {[%emt 00:00:25]} Nxg5
{[%clk 00:01:59]} {[%emt 00:00:19]} 39. hxg5 {[%clk 00:04:36]} {[%emt
00:00:16]} Kg7 {[%clk 00:01:38]} {[%emt 00:00:51]} 40. Rh1 {[%clk 00:03:37]}
{[%emt 00:01:28]} Rh8 {[%clk 00:01:23]} {[%emt 00:00:45]} 41. Rgh3 {[%clk
00:02:16]} {[%emt 00:01:52]} Ree8 {[%clk 00:01:25]} {[%emt 00:00:28]} 42. Ke2
{[%clk 00:01:31]} {[%emt 00:01:12]} Rc8 {[%clk 00:01:24]} {[%emt 00:00:34]} 43.
a3 {[%clk 00:01:11]} {[%emt 00:00:49]} Ra8 {[%clk 00:01:38]} {[%emt 00:00:54]}
44. Bf2 {[%clk 00:00:42]} {[%emt 00:00:57]} 1/2-1/2

[Event "DEM U10 2023"]
[Site "Willingen GER"]
[Date "2023.06.03"]
[Round "11"]
[White "Sutharjan, Dakxwin"]
[Black "Menke, Raphael Wilhelm"]
[Result "1-0"]
[Termination "normal"]
[Board "7"]
[WhiteElo "1438"]
[BlackElo "1884"]
[WhiteClock "00:13:03"]
[BlackClock "00:03:01"]
[PlyCount "75"]
[WhiteFideId "34606548"]
[BlackFideId "34621008"]
[EventCountry "GER"]
[EventRounds "11"]
[EventType "swiss"]
[EventDate "2023.05.27"]

1. e4 {[%clk 01:15:58]} e5 {[%clk 01:15:57]} {[%emt 00:00:04]} 2. f4 {[%clk
01:16:21]} {[%emt 00:00:07]} exf4 {[%clk 01:15:50]} {[%emt 00:00:38]} 3. Nf3
{[%clk 01:15:52]} {[%emt 00:00:59]} Nf6 {[%clk 01:16:08]} {[%emt 00:00:11]} 4.
e5 {[%clk 01:15:13]} {[%emt 00:01:09]} Nh5 {[%clk 01:16:30]} {[%emt 00:00:07]}
5. d4 {[%clk 01:14:39]} {[%emt 00:01:04]} d6 {[%clk 01:15:57]} {[%emt
00:01:04]} 6. Bc4 {[%clk 01:13:13]} {[%emt 00:01:56]} d5 {[%clk 01:14:02]}
{[%emt 00:02:26]} 7. Bd3 {[%clk 01:07:42]} {[%emt 00:06:01]} g6 {[%clk
01:12:59]} {[%emt 00:01:33]} 8. Nc3 {[%clk 01:01:26]} {[%emt 00:06:45]} Bg7
{[%clk 01:11:01]} {[%emt 00:02:28]} 9. Qe2 {[%clk 00:57:29]} {[%emt 00:04:28]}
Nc6 {[%clk 01:09:09]} {[%emt 00:02:22]} 10. Bb5 {[%clk 00:55:39]} {[%emt
00:02:20]} Bg4 {[%clk 01:05:39]} {[%emt 00:04:00]} 11. Bd2 {[%clk 00:52:09]}
{[%emt 00:03:59]} a6 {[%clk 01:02:43]} {[%emt 00:03:27]} 12. Bxc6+ {[%clk
00:52:16]} {[%emt 00:00:22]} bxc6 {[%clk 01:03:01]} {[%emt 00:00:12]} 13. O-O
{[%clk 00:51:45]} {[%emt 00:01:01]} O-O {[%clk 01:00:58]} {[%emt 00:02:33]} 14.
Na4 {[%clk 00:47:21]} {[%emt 00:04:54]} Re8 {[%clk 00:43:03]} {[%emt 00:18:25]}
15. Nc5 {[%clk 00:47:36]} {[%emt 00:00:15]} a5 {[%clk 00:42:06]} {[%emt
00:01:27]} 16. Nd3 {[%clk 00:45:46]} {[%emt 00:02:21]} Bh6 {[%clk 00:38:29]}
{[%emt 00:04:06]} 17. Qf2 {[%clk 00:41:48]} {[%emt 00:04:28]} Bf5 {[%clk
00:37:45]} {[%emt 00:01:14]} 18. Nh4 {[%clk 00:38:55]} {[%emt 00:03:23]} Bxd3
{[%clk 00:35:59]} {[%emt 00:02:17]} 19. cxd3 {[%clk 00:39:12]} {[%emt
00:00:13]} Qg5 {[%clk 00:36:00]} {[%emt 00:00:26]} 20. Nf3 {[%clk 00:38:30]}
{[%emt 00:01:14]} Qf5 {[%clk 00:35:14]} {[%emt 00:01:15]} 21. Rfd1 {[%clk
00:36:00]} {[%emt 00:03:00]} a4 {[%clk 00:28:55]} {[%emt 00:06:50]} 22. a3
{[%clk 00:35:46]} {[%emt 00:00:45]} Rab8 {[%clk 00:28:29]} {[%emt 00:00:55]}
23. Bb4 {[%clk 00:34:52]} {[%emt 00:01:24]} Bf8 {[%clk 00:26:10]} {[%emt
00:02:49]} 24. Bxf8 {[%clk 00:35:00]} {[%emt 00:00:22]} Rxf8 {[%clk 00:26:06]}
{[%emt 00:00:34]} 25. Rac1 {[%clk 00:34:48]} {[%emt 00:00:42]} Rb6 {[%clk
00:25:47]} {[%emt 00:00:50]} 26. Rc3 {[%clk 00:30:23]} {[%emt 00:04:55]} Rfb8
{[%clk 00:22:08]} {[%emt 00:04:09]} 27. Rd2 {[%clk 00:30:22]} {[%emt 00:00:31]}
Kh8 {[%clk 00:13:55]} {[%emt 00:08:42]} 28. Rdc2 {[%clk 00:29:22]} {[%emt
00:01:30]} Rb3 {[%clk 00:12:38]} {[%emt 00:01:47]} 29. Qd2 {[%clk 00:29:10]}
{[%emt 00:00:42]} Rxc3 {[%clk 00:11:54]} {[%emt 00:01:15]} 30. Rxc3 {[%clk
00:29:29]} {[%emt 00:00:10]} Rb6 {[%clk 00:07:11]} {[%emt 00:05:13]} 31. Qc2
{[%clk 00:28:00]} {[%emt 00:01:59]} Kg7 {[%clk 00:06:23]} {[%emt 00:01:18]} 32.
Ne1 {[%clk 00:23:20]} {[%emt 00:05:10]} Qe6 {[%clk 00:04:45]} {[%emt 00:02:09]}
33. Qxa4 {[%clk 00:19:34]} {[%emt 00:04:16]} Rxb2 {[%clk 00:05:01]} {[%emt
00:00:13]} 34. Qxc6 {[%clk 00:18:34]} {[%emt 00:01:30]} Qg4 {[%clk 00:04:54]}
{[%emt 00:00:36]} 35. Rc2 {[%clk 00:17:04]} {[%emt 00:02:01]} Qd1 {[%clk
00:04:54]} {[%emt 00:00:29]} 36. Kf1 {[%clk 00:17:10]} {[%emt 00:00:24]} Rb1
{[%clk 00:04:40]} {[%emt 00:00:45]} 37. Qc3 {[%clk 00:13:32]} {[%emt 00:04:07]}
f3 {[%clk 00:03:01]} {[%emt 00:02:10]} 38. g3 {[%clk 00:13:03]} {[%emt
00:00:59]} 1-0